Materiály a technológie

Salvato in:
Dettagli Bibliografici
Autori principali: Skočovský, Petr (Autore), Vaško, Alan (Autore)
Natura: Libro
Lingua:slovacco
Pubblicazione: Žilina : Žilinská univerzita, 2004
Edizione:1. vyd
Soggetti:
Accesso online:OBSAH
Tags: Aggiungi Tag
Nessun Tag, puoi essere il primo ad aggiungerne!!

MARC

LEADER 00000nam a22000003a 4500
001 stu117999
005 20150617225913.3
008 060515s2004----xo------------------slo-d
020 |a 80-8070-277-2 
040 |a STU  |b slo 
041 0 |a slo 
044 |a xo 
080 |a 620 
100 1 |a Skočovský, Petr  |4 aut 
245 1 |a Materiály a technológie 
250 |a 1. vyd 
260 |a Žilina :  |b Žilinská univerzita,  |c 2004 
300 |a 122 s 
650 7 |a materiály  |2 stusub 
650 7 |a nekovové materiály  |2 stusub 
650 7 |a kovové materiály  |2 stusub 
700 1 |a Vaško, Alan  |4 aut 
856 4 |a https://sweb.mtf.stuba.sk/obsahy/Materialy_a_technologie_04  |u https://sweb.mtf.stuba.sk/obsahy/Materialy_a_technologie_04  |3 OBSAH 
996 |b 284M073000  |c M*S-1220-1  |l MMST  |s A  |a 24  |w stu117999_0001 
996 |b 284M073001  |c M*S-1220-2  |l MMST  |s A  |a 24  |w stu117999_0002 
996 |b 284M073002  |c M*S-1220-3  |l MMST  |s A  |a 24  |w stu117999_0003